Southville International School and Colleges
Your cart is empty.
  • Cart
  • Lists
    Public lists Eva Luna New books Lux_list list_1
    Your lists Log in to create your own lists
  • Log in to your account
  • Your cookies
  • Search history
Southville International School and Colleges
  • Advanced search
  • Recent comments
  • Most popular
  • Libraries

Log in to your account

Log in with GOOGLE


If you do not have an external account, but do have a local account, you can still log in:

  1. Home
  2. MARC view: Margarita martini mojito /
Normal view MARC view ISBD view

Margarita martini mojito / (Record no. 305231)

[ view plain ]
MARC details
000 -LEADER
fixed length control field 00494nam a2200205Ia 4500
008 - FIXED-LENGTH DATA ELEMENTS--GENERAL INFORMATION
fixed length control field 161112s9999 xx 000 0 und d
020 ## - INTERNATIONAL STANDARD BOOK NUMBER
International Standard Book Number 978-0-600-61514-9
050 ## - LIBRARY OF CONGRESS CALL NUMBER
Classification number CUL TX 951
050 ## - LIBRARY OF CONGRESS CALL NUMBER
Item number .G34 2006
100 ## - MAIN ENTRY--PERSONAL NAME
Personal name Gage, Allan.
245 #0 - TITLE STATEMENT
Title Margarita martini mojito /
245 #0 - TITLE STATEMENT
Statement of responsibility, etc Allan Gage.
260 ## - PUBLICATION, DISTRIBUTION, ETC. (IMPRINT)
Place of publication, distribution, etc Great Britain :
260 ## - PUBLICATION, DISTRIBUTION, ETC. (IMPRINT)
Name of publisher, distributor, etc Hamlyn,
260 ## - PUBLICATION, DISTRIBUTION, ETC. (IMPRINT)
Date of publication, distribution, etc 2006
300 ## - PHYSICAL DESCRIPTION
Extent 96 pages :
300 ## - PHYSICAL DESCRIPTION
Other physical details color illustrations ;
300 ## - PHYSICAL DESCRIPTION
Dimensions 17 cm.
500 ## - GENERAL NOTE
General note Includes index.
Holdings
Withdrawn status Lost status Damaged status Home library Current library Shelving location Date acquired Total Checkouts Full call number Barcode Date last seen Price effective from Koha item type
      South Mansfield College South Mansfield College   01/09/2008   CUL TX 951 .G34 2006 SMC03858 11/12/2016 11/12/2016  

Margarita martini mojito /

APA

Gage A., .Margarita martini mojito. Great Britain: .

Chicago

Gage Allan, .Margarita martini mojito. Great Britain: .

Harvard

Gage A., .Margarita martini mojito. Great Britain: .

MLA

Gage Allan, .Great Britain: . .

  • Place hold
  • Print
  • Cite
  • Add to your cart (remove)
  • Save record
    BIBTEX Dublin Core MARCXML MARC (non-Unicode/MARC-8) MARC (Unicode/UTF-8) MARC (Unicode/UTF-8, Standard) MODS (XML) RIS
  • More searches
    Search for this title in:
    Other Libraries (WorldCat) Other Databases (Google Scholar) Online Stores (Bookfinder.com) Open Library (openlibrary.org)

Exporting to Dublin Core...

SOUTHVILLE LIBRARY

Southville International School and Colleges Library

1281 Tropical Ave. Cor. Luxembourg St., BF Homes International, Las Pinas City

Tel. No. 8256374 / 252358 Loc. 117/146

Powered by Koha